| 000 | 00917nam a22002897a 4500 | ||
|---|---|---|---|
| 003 | CHAP | ||
| 005 | 20220329140706.0 | ||
| 008 | 971013s r 00010 d | ||
| 010 | _a56116 | ||
| 011 | _a57088 | ||
| 035 | _a61241 | ||
| 040 | _cCHAP | ||
| 090 | _aR-2138 | ||
| 100 | 0 | 0 |
_aZaradny, H. _9123673 |
| 245 | _aCalculation of non-steady frow towards a drain in saturated-unsaturated soil by finite elements | ||
| 500 | _aSobretiro de: Agricultural Water Management 2:37-53, 1979 | ||
| 590 |
_aBATCH-UPD _b10 _c20130110 _lUCH01 _h0513 |
||
| 590 |
_aBATCH-UPD _b10 _c20130410 _lUCH01 _h0151 |
||
| 590 |
_aBATCH-UPD _b10 _c20130914 _lUCH01 _h1050 |
||
| 590 |
_aCONVERSION _b10 _c20130109 _lUCH01 _h1330 |
||
| 650 | 1 | 4 |
_aCorrientes de agua _xMedición. _928261 |
| 650 | 1 | 4 |
_aDrenaje. _934190 |
| 700 | 0 |
_aFeddes, R. A. _939909 |
|
| 901 | _aBK | ||
| 942 | _cREIMP | ||
| 949 |
_aR-2138 _bBC _cR _d-131611 _eTS1 _i61241 _si |
||
| 999 |
_c56116 _d56116 |
||